Introduction to Environmental Engineering and Science/ (Record no. 173996)

MARC details
000 -LEADER
fixed length control field 00674nam a22002177a 4500
005 - DATE AND TIME OF LATEST TRANSACTION
control field 20200313151455.0
010 ## - LCCN (DPL NO)
LC control number ENG-128030
020 ## - INTERNATIONAL STANDARD BOOK NUMBER
International Standard Book Number 9789332549760
Terms of availability 649.00
035 ## - SYSTEM CONTROL NUMBER
System control number EN-111562
037 ## - SOURCE OF ACQUISITION
Source of stock number/acquisition DBAD/PUB
082 ## - DEWEY DECIMAL CLASSIFICATION NUMBER
Classification number 628
100 ## - MAIN ENTRY--PERSONAL NAME
Personal name Masters,Gilbert
245 ## - TITLE STATEMENT
Title Introduction to Environmental Engineering and Science/
Statement of responsibility, etc by Gilbert M.Masters [and] Wendell P.Ela
250 ## - EDITION STATEMENT
Edition statement 3rd.
260 ## - PUBLICATION, DISTRIBUTION, ETC. (IMPRINT)
Place of publication, distribution, etc Noida
Name of publisher, distributor, etc Pearson
Date of publication, distribution, etc 2020
270 ## - ADDRESS
Address 15th floor,Tower-B,World Trade Tower,plot no.1,Block-c,sector 16
City Noida
Postal code 201301
300 ## - PHYSICAL DESCRIPTION
Extent 692p.
Dimensions 24cm(pbk)
500 ## - GENERAL NOTE
General note includes index
700 ## - ADDED ENTRY--PERSONAL NAME
Personal name Ela,Wendell
942 ## - ADDED ENTRY ELEMENTS (KOHA)
Source of classification or shelving scheme Dewey Decimal Classification
Item type English Books
Classification part 628
Call number suffix MAS
Edition 3rd.
Holdings
Withdrawn status Lost status Not for loan Collection code Home library Current library Date acquired Source of acquisition Cost, normal purchase price Full call number Barcode Copy number Cost, replacement price Koha item type
      Non-fiction Central Library Central Library 13/03/2020 DBAD/PUB 649.00 628 MAS EN-111562 1 649.00 English Books

© Delhi Public Library
Hit Counter
free hit counter